| 000 | 00687nam a2200229Ia 4500 | ||
|---|---|---|---|
| 003 | GCL | ||
| 008 | 140319s9999 xx 000 0 ara d | ||
| 040 |
_aGCL / _cGCL |
||
| 082 | 0 | 4 |
_a323.11 _bف ب |
| 100 | 1 | _aفؤاد شاكر | |
| 245 | 1 | 0 |
_aالبوسنة والهرسك: ماساة شعب وهوان امة / _cفؤاد شاكر |
| 260 |
_a[S.N] : _bالدار المصرية اللبنانية ، _c1993 |
||
| 300 | _a133 ص | ||
| 490 | _a | ||
| 650 | 0 | 4 | _aالحرب |
| 650 | 0 | 4 | _aالبوسنة والهرسك |
| 650 | 0 | 4 | _aالمسلمون فى اوربا |
| 650 | 0 | 4 | _aيوغسلافيا |
| 650 | 0 | 4 | _aالاضطهاد |
| 650 | 0 | 4 | _aالمذابح |
| 942 |
_2ddc _cBK |
||
| 999 |
_c30503 _d30503 |
||